1479 1381 1209 1514 1114 1163 1640 1656 1014 1574 1607 1014 1466 1897 1167 1303 1425 1458 1153 1068 1275 1468 1661 1321 1889 1644 1553 1533 1016 1089 1211 1829 1076 1270 1259 1498 1570 1449 1089 1906 1665 1472 1207 1237 1435 1407 1720 1282 1523 1026 1891 1316 1490 1690 1536 1557 1145 1419 1034 1576 1983 1115 1218 1498 1950 1524 1048 1299 1606 1117 1586 1342 1704 1082 1418 1207 1641 1103 1720 1600 1126 1509 1964 1713 1798 1711 1505 1114 1816 1947 1855 1635 1476 1353 1340 1866 1077 1641 1183 BCNSPRNW ULIB Ver.6.0+V

เปลี่ยนเป็นภาษาไทย

Change to English
 แสดงรายละเอียดบรรณานุกรม
  กลับหน้าหลัก

Brief Record : Get Marc (ISO 2709) : E-mail record : QR code < ปิดหน้าต่าง
LEADER : 00000nam 2200000uu 4500
001    13399108090
003     ULIB
008    110216s2551||||th 000 0 tha d
020    9789740437710
060 04 WY159^bส838N 2551
245 00 New trend in pediatric practice 2008 /^cบรรณาธิการ, ดุสิตสถาวร, ชิษณุ พันธุ์เจริญ, อุษา ทิสยากร
250    พิมพ์ครั้งที่ 1
260    กรุงเทพฯ :^bราชวิทยาลัยกุมารแพทย์แห่งประเทศไทยสมาคมกุมารแพทย์แห่งประเทศไทย,^c2551
300    xii, 284 หน้า :^bภาพประกอบ ;^c27 ซม.
500    "หนังสือคู่มือการอบรมระยะสั้นประจำปี 2551"
650  7 กุมารเวชศาสตร์
650  7 โรค^xในวัยทารกและวัยเด็ก
700 0  ดุสิต สถาวร,^eบรรณาธิการ
700 0  ชิษณุ พันธุ์เจริญ,^eบรรณาธิการ
700 0  อุษา ทิสยากร,^eบรรณาธิการ
710 2  ราชวิทยาลัยกุมารแพทย์แห่งประเทศไทย
710 2  สมาคมกุมารแพทย์แห่งประเทศไทย
945    ^p320^l0^i025622
945    ^p320^l0^i023871
945    ^p320^l0^i023870
945    ^p320^l0^i023869
945    ^p320^l0^i023872
995    เกษร
999 ^a ใช้งานได้ทุกระบบ
รายการนี้ยังไม่มีแท็ก
คุณยังไม่ได้ล็อกอิน คุณสามารถมีกิจกรรมร่วมกับเว็บไซต์ได้ แต่ต้องล็อกอินก่อน ::
  ล็อกอิน

รายการสื่อสารสนเทศ

ลำดับที่ ประเภท เลขเรียก/บาร์โค้ด สถานที่ สถานะ
- ไม่พบข้อมูล -

รายการใกล้เคียง
    หัวเรื่อง [กุมารเวชศาสตร์]
    หัวเรื่อง [โรค ในวัยทารกและวัยเด็ก]

BibComment


ยังไม่เคยถูกคอมเมนท์

คอมเมนท์ทรัพยากรรายการนี้
  คอมเมนท์: New trend in pedi..


 Copyright 2026. Bcnsprnw @Library